[Event "Open Bosnjaci"]
[Site "Bosnjaci"]
[Date "2017.01.03"]
[Round "1.1"]
[White "Jovanovic, Zoran"]
[Black "Pejic, Ivo"]
[Result "1-0"]
[WhiteElo "2526"]
[BlackElo "1871"]
[PlyCount "63"]
[EventDate "2017.??.??"]
[WhiteClock "1:30:00"]
[BlackClock "1:30:00"]

1. e4 d6 2. d4 Nf6 3. Nc3 g6 4. f4 Bg7 5. Nf3 O-O 6. e5 Ne8 7. Be3 Bf5 8. Bd3
e6 9. Bxf5 exf5 10. Qe2 d5 11. Qb5 c6 12. Qxb7 Nc7 13. Na4 Re8 14. Qb3 Nba6 15.
O-O Bf8 16. Qd3 Qd7 17. c3 Rab8 18. b3 Qc8 19. Kh1 Ne6 20. Rac1 Bh6 21. Qd2 Qd7
22. h3 Bf8 23. Qe2 Nac7 24. g4 Ng7 25. Rg1 Nce6 26. Rg2 Qb7 27. Nh4 g5 28. gxf5
gxf4 29. Bf2 f6 30. fxe6 Rxe6 31. Qg4 Qf7 32. Qxf4 1-0

[Event "Open Bosnjaci"]
[Site "Bosnjaci"]
[Date "2017.01.03"]
[Round "1.2"]
[White "Tomic, Ivan"]
[Black "Kovacevic, Blazimir"]
[Result "0-1"]
[WhiteElo "1869"]
[BlackElo "2503"]
[PlyCount "64"]
[EventDate "2017.??.??"]
[WhiteClock "1:30:00"]
[BlackClock "1:30:00"]

1. f4 d5 2. Nf3 g6 3. e3 Bg7 4. d4 Nh6 5. Bb5+ Nd7 6. Ne5 O-O 7. Nxd7 Bxd7 8.
Bxd7 Qxd7 9. Nd2 Nf5 10. Nf3 c5 11. c3 Qc7 12. Qb3 e6 13. Qb5 Rfc8 14. Qxc5
Qxc5 15. dxc5 Rxc5 16. Ke2 b5 17. a3 a5 18. g4 Nd6 19. Nd2 Rc7 20. h4 Rb8 21.
Nb3 Ne4 22. Kf3 b4 23. axb4 axb4 24. cxb4 Rc2 25. Rf1 h5 26. gxh5 Rxb4 27. Ra8+
Kh7 28. hxg6+ Kxg6 29. Nd4 Bxd4 30. exd4 Rb3+ 31. Be3 Nd2+ 32. Kg4 f5+ 0-1

[Event "Open Bosnjaci"]
[Site "Bosnjaci"]
[Date "2017.01.03"]
[Round "1.3"]
[White "Fercec, Nenad"]
[Black "Kolanovic, Kazimir"]
[Result "1-0"]
[WhiteElo "2467"]
[BlackElo "1862"]
[PlyCount "43"]
[EventDate "2017.??.??"]
[WhiteClock "1:30:00"]
[BlackClock "1:30:00"]

1. e4 d6 2. d4 Nd7 3. Nc3 g6 4. Bg5 Bg7 5. Qd2 Ngf6 6. O-O-O O-O 7. h4 c5 8. d5
Ne5 9. Bh6 Bxh6 10. Qxh6 Nfg4 11. Qd2 h5 12. f3 Nf6 13. Qh6 Bd7 14. g4 a6 15.
gxh5 Nxh5 16. Nh3 Bxh3 17. Bxh3 Nd7 18. Bxd7 Qxd7 19. Rdg1 Ng7 20. h5 Rad8 21.
hxg6 fxg6 22. Qh7+ 1-0

[Event "Open Bosnjaci"]
[Site "Bosnjaci"]
[Date "2017.01.03"]
[Round "1.4"]
[White "Mican, Karmela"]
[Black "Dizdarevic, Emir"]
[Result "0-1"]
[WhiteElo "1855"]
[BlackElo "2463"]
[PlyCount "68"]
[EventDate "2017.??.??"]
[WhiteClock "1:30:00"]
[BlackClock "1:30:00"]

1. e4 g6 2. d4 Bg7 3. Nf3 c6 4. Bd3 d5 5. c3 dxe4 6. Bxe4 Nf6 7. Bc2 O-O 8. O-O
Nbd7 9. Nbd2 b6 10. Re1 Bb7 11. Nf1 c5 12. h3 Rc8 13. dxc5 Rxc5 14. Bf4 e6 15.
Ne3 Re8 16. Qe2 Qa8 17. Nd2 Nh5 18. Bh2 Be5 19. f3 Bxh2+ 20. Kxh2 Qb8+ 21. Kg1
Ndf6 22. Qf2 Rd8 23. Rad1 Rcc8 24. Nec4 Rd5 25. Ne3 Rd7 26. Ng4 Rc5 27. Qh4 Kg7
28. Be4 Qd8 29. Bxb7 Rxd2 30. Rxd2 Qxd2 31. Qf2 Qf4 32. Rd1 Rc7 33. Ba6 Qa4 34.
Bd3 Qxd1+ 0-1

[Event "Open Bosnjaci"]
[Site "Bosnjaci"]
[Date "2017.01.03"]
[Round "1.5"]
[White "Leventic, Ivan"]
[Black "Skoric, Milan"]
[Result "1-0"]
[WhiteElo "2424"]
[BlackElo "1849"]
[PlyCount "55"]
[EventDate "2017.??.??"]
[WhiteClock "1:30:00"]
[BlackClock "1:30:00"]

1. e4 e5 2. Nf3 d6 3. d4 exd4 4. Nxd4 Nf6 5. Nc3 Be7 6. Bf4 O-O 7. Qd2 d5 8.
Ndb5 c6 9. Nc7 Bb4 10. Bd3 d4 11. O-O dxc3 12. bxc3 Ba5 13. Nxa8 Nbd7 14. Qe3
Bxc3 15. Rad1 Qa5 16. Bc7 b6 17. Bd6 Re8 18. Nc7 Nd5 19. Qg3 Nxc7 20. Bxc7 Qxa2
21. f4 Nc5 22. e5 Ne6 23. Bd6 Nd4 24. f5 Qa5 25. Qh4 Kh8 26. f6 g6 27. Bxg6
fxg6 28. f7 1-0

[Event "Open Bosnjaci"]
[Site "Bosnjaci"]
[Date "2017.01.03"]
[Round "1.6"]
[White "Draskic, Skender"]
[Black "Plenca, Jadranko"]
[Result "0-1"]
[WhiteElo "1846"]
[BlackElo "2424"]
[PlyCount "84"]
[EventDate "2017.??.??"]
[WhiteClock "1:30:00"]
[BlackClock "1:30:00"]

1. e4 e5 2. Nf3 Nc6 3. Bb5 a6 4. Bxc6 dxc6 5. h3 Bd6 6. d3 Ne7 7. Nc3 c5 8. Be3
O-O 9. g4 Nc6 10. Ne2 Be6 11. c3 Qd7 12. Qc2 Rfe8 13. Ng3 c4 14. Ng5 cxd3 15.
Qxd3 Bf8 16. Qxd7 Bxd7 17. O-O-O Bc8 18. Rd3 b5 19. Rhd1 f6 20. Nf3 Be6 21. Kb1
b4 22. Rc1 a5 23. c4 a4 24. Nd2 Na5 25. Ne2 Ra6 26. f4 exf4 27. Nxf4 Bf7 28.
Nd5 Rc8 29. c5 Nc6 30. Nf3 Bg6 31. Rc4 Re8 32. Nd2 Ne5 33. Rdd4 Nxc4 34. Rxc4
Rd8 35. Nxc7 Rc6 36. Nb5 Rd3 37. Bf4 Rxc5 38. Rxb4 Rxh3 39. b3 axb3 40. axb3
Re5 41. Bxe5 Bxb4 42. Bf4 Bxd2 0-1

[Event "Open Bosnjaci"]
[Site "Bosnjaci"]
[Date "2017.01.03"]
[Round "1.7"]
[White "Plenkovic, Zdenko"]
[Black "Sos, Fran"]
[Result "1-0"]
[WhiteElo "2421"]
[BlackElo "1833"]
[PlyCount "75"]
[EventDate "2017.??.??"]
[WhiteClock "1:30:00"]
[BlackClock "1:30:00"]

1. e4 c5 2. Nf3 d6 3. Nc3 Nc6 4. Bb5 a6 5. Bxc6+ bxc6 6. e5 Bg4 7. h3 Bh5 8.
exd6 exd6 9. Ne4 Be7 10. Qe2 Bg6 11. d3 d5 12. Ng3 Nf6 13. Ne5 Rc8 14. h4 h5
15. Bg5 Qd6 16. f4 O-O 17. O-O-O Rfe8 18. Qf3 Rb8 19. Nxg6 fxg6 20. f5 Ng4 21.
Bf4 Ne5 22. Qf2 Bf6 23. c3 Rb7 24. Rhe1 Reb8 25. Re2 Rd8 26. fxg6 Re7 27. d4
cxd4 28. cxd4 Nd3+ 29. Rxd3 Rxe2 30. Nxe2 Qb4 31. Be5 Bxe5 32. dxe5 Rf8 33. Rf3
Qc4+ 34. Nc3 Rb8 35. Rf4 Qd3 36. e6 Qxg6 37. e7 Kh7 38. Rf8 1-0

[Event "Open Bosnjaci"]
[Site "Bosnjaci"]
[Date "2017.01.03"]
[Round "1.8"]
[White "Tokic, Vjekoslav"]
[Black "Zufic, Miroslav"]
[Result "0-1"]
[WhiteElo "1833"]
[BlackElo "2382"]
[PlyCount "52"]
[EventDate "2017.??.??"]
[WhiteClock "1:30:00"]
[BlackClock "1:30:00"]

1. e4 c5 2. Nf3 d6 3. d4 cxd4 4. Nxd4 Nf6 5. Nc3 a6 6. Be3 e5 7. Nde2 Be7 8.
Qd2 O-O 9. f3 Be6 10. g4 Nbd7 11. Ng3 b5 12. Nf5 b4 13. Nd5 Nxd5 14. exd5 Bxf5
15. gxf5 Bh4+ 16. Bf2 Nc5 17. O-O-O Bxf2 18. Qxf2 Qg5+ 19. Qd2 Qxf5 20. Be2
Rfc8 21. Kb1 Na4 22. Rdg1 Rab8 23. Rg5 Qf6 24. Rhg1 g6 25. Qc1 b3 26. Bxa6 Rxc2
0-1

[Event "Open Bosnjaci"]
[Site "Bosnjaci"]
[Date "2017.01.03"]
[Round "1.9"]
[White "Trbojevic, Mladen"]
[Black "Dabic, Stjepan"]
[Result "1/2-1/2"]
[WhiteElo "2380"]
[BlackElo "1832"]
[PlyCount "79"]
[EventDate "2017.??.??"]
[WhiteClock "1:30:00"]
[BlackClock "1:30:00"]

1. e4 c5 2. c3 Nf6 3. e5 Nd5 4. Nf3 e6 5. d4 cxd4 6. cxd4 Nc6 7. Bc4 Nb6 8. Bd3
Be7 9. Nc3 d5 10. a3 Bd7 11. O-O O-O 12. Be3 Rc8 13. h4 f5 14. exf6 Bxf6 15.
Ng5 h6 16. Bc2 Ne7 17. Nh7 Rf7 18. Nxf6+ Rxf6 19. Qd3 Nf5 20. h5 Nc4 21. Rab1
Qc7 22. Bd2 Nxd2 23. Qxd2 Qc4 24. Rbd1 Rcf8 25. b3 Qc7 26. Ne2 Qd6 27. b4 Bb5
28. Bd3 Bd7 29. Rc1 Nh4 30. Qe3 Rf3 31. Qd2 Rh3 32. Ng3 Rf3 33. gxh3 e5 34. Qe2
e4 35. Nxe4 dxe4 36. Bxe4 Rxh3 37. f4 Rg3+ 38. Kh2 Rh3+ 39. Kg1 Rg3+ 40. Kh2
1/2-1/2

[Event "Open Bosnjaci"]
[Site "Bosnjaci"]
[Date "2017.01.03"]
[Round "1.10"]
[White "Mutapcic, Ilija"]
[Black "Stankovic, Milos"]
[Result "0-1"]
[WhiteElo "1828"]
[BlackElo "2376"]
[PlyCount "72"]
[EventDate "2017.??.??"]
[WhiteClock "1:30:00"]
[BlackClock "1:30:00"]

1. Nf3 Nf6 2. d4 g6 3. g3 Bg7 4. Bg2 O-O 5. O-O d5 6. b3 c5 7. Bb2 Ne4 8. e3
Nc6 9. Nbd2 Bf5 10. c3 Qa5 11. Nxe4 Bxe4 12. a3 Qb6 13. dxc5 Qxc5 14. Nd4 Ne5
15. Bxe4 dxe4 16. a4 Nd3 17. Qd2 Rac8 18. c4 Qh5 19. f4 Rfd8 20. Bc3 e5 21.
fxe5 Nxe5 22. Qe1 Ng4 23. Ra2 Bh6 24. Rf4 Bxf4 25. exf4 Re8 26. h4 Rcd8 27. Re2
e3 28. Bb2 Qc5 29. Qc3 f6 30. b4 Qd6 31. Qb3 Re4 32. Nf3 Qd1+ 33. Qxd1 Rxd1+
34. Kg2 Rxc4 35. Bxf6 Nxf6 36. Rxe3 Rc2+ 0-1

[Event "Open Bosnjaci"]
[Site "Bosnjaci"]
[Date "2017.01.03"]
[Round "1.11"]
[White "Colovic, Dusan"]
[Black "Slobodjanac, Sinisa"]
[Result "1/2-1/2"]
[WhiteElo "2370"]
[BlackElo "1817"]
[PlyCount "62"]
[EventDate "2017.??.??"]
[WhiteClock "1:30:00"]
[BlackClock "1:30:00"]

1. d4 Nf6 2. Nc3 d5 3. Bf4 c6 4. e3 Bf5 5. f3 e6 6. g4 Bg6 7. h4 h5 8. g5 Nfd7
9. Bd3 Bxd3 10. Qxd3 b5 11. e4 Nb6 12. Nge2 b4 13. Nd1 Nc4 14. b3 Nd6 15. Ne3
Qa5 16. e5 Nb5 17. g6 Qc7 18. Bg5 a6 19. Nf4 c5 20. Nexd5 exd5 21. gxf7+ Kxf7
22. Ng6 Kg8 23. dxc5 Qxc5 24. O-O-O Nc3 25. e6 Nc6 26. Qf5 Bd6 27. Rde1 Nd4 28.
Ne7+ Bxe7 29. Qf7+ Kh7 30. Qxh5+ Kg8 31. Qf7+ Kh7 1/2-1/2

[Event "Open Bosnjaci"]
[Site "Bosnjaci"]
[Date "2017.01.03"]
[Round "1.12"]
[White "Mezak, Damir"]
[Black "Mrkonjic, Nenad"]
[Result "0-1"]
[WhiteElo "1800"]
[BlackElo "2360"]
[PlyCount "40"]
[EventDate "2017.??.??"]
[WhiteClock "1:28:00"]
[BlackClock "1:30:00"]

1. e4 e5 2. Nf3 Nc6 3. Bc4 Bc5 4. Nc3 Nf6 5. d3 d6 6. a3 a6 7. h3 h6 8. Be3 O-O
9. b4 Bd4 10. Qd2 Bxc3 11. Qxc3 d5 12. exd5 Nxd5 13. Bxd5 Qxd5 14. O-O-O b6 15.
Rhe1 a5 16. Kd2 axb4 17. axb4 Rd8 18. Ke2 Ra4 19. Rb1 e4 20. dxe4 Ba6+ 0-1

[Event "Open Bosnjaci"]
[Site "Bosnjaci"]
[Date "2017.01.03"]
[Round "1.13"]
[White "Tica, Sven"]
[Black "Lombarovic, Marko"]
[Result "1-0"]
[WhiteElo "2352"]
[BlackElo "1788"]
[PlyCount "87"]
[EventDate "2017.??.??"]
[WhiteClock "1:30:00"]
[BlackClock "1:30:00"]

1. d4 d5 2. c4 dxc4 3. e3 Nf6 4. Bxc4 Bf5 5. Nc3 e6 6. Nf3 a6 7. a4 Nc6 8. O-O
Bd6 9. Re1 Ne4 10. Bd3 Nxc3 11. bxc3 Bxd3 12. Qxd3 O-O 13. a5 Re8 14. e4 f6 15.
Be3 e5 16. d5 Ne7 17. Reb1 Rb8 18. Ba7 b5 19. axb6 Rb7 20. bxc7 Qxc7 21. Rxb7
Qxb7 22. Qxa6 Qb2 23. Re1 Nc8 24. Qc6 Rd8 25. Be3 Ne7 26. Qb6 Qxb6 27. Bxb6 Rb8
28. Be3 f5 29. c4 f4 30. c5 fxe3 31. cxd6 exf2+ 32. Kxf2 Ng6 33. Rc1 Rd8 34.
Ng5 h6 35. Ne6 Rxd6 36. Rc7 Nf4 37. Rxg7+ Kh8 38. Re7 Nd3+ 39. Ke3 Ne1 40. Kf2
Nd3+ 41. Ke2 Nc1+ 42. Kf3 Ra6 43. Kg4 Nd3 44. g3 1-0

[Event "Open Bosnjaci"]
[Site "Bosnjaci"]
[Date "2017.01.03"]
[Round "1.14"]
[White "Katulic, Zlatko"]
[Black "Ascic, Pero"]
[Result "1/2-1/2"]
[WhiteElo "1786"]
[BlackElo "2310"]
[PlyCount "110"]
[EventDate "2017.??.??"]
[WhiteClock "1:30:00"]
[BlackClock "1:30:00"]

1. Nf3 d5 2. e3 g6 3. c4 c6 4. cxd5 cxd5 5. Nc3 Nf6 6. Bb5+ Nc6 7. Ne5 Qd6 8.
Qa4 Bd7 9. Nxd7 Qxd7 10. d4 Bg7 11. O-O O-O 12. Bd2 Rfc8 13. Rac1 a6 14. Bd3 b5
15. Qd1 e5 16. dxe5 Nxe5 17. Bb1 Nc4 18. b3 Na3 19. Bd3 h5 20. f4 Re8 21. Ne2
a5 22. f5 Ne4 23. fxg6 fxg6 24. Nf4 Ra6 25. Be1 d4 26. Qf3 Nf6 27. e4 Ng4 28.
Rc5 Rf8 29. Qh3 Bh6 30. Bg3 Raf6 31. e5 Rxf4 32. Bxf4 Bxf4 33. Rxf4 Rxf4 34.
Qg3 Rf8 35. h3 Qe7 36. Rd5 Qf7 37. hxg4 Qxd5 38. Bxg6 d3 39. gxh5 Qd4+ 40. Kh2
Qf4 41. Bf7+ Kxf7 42. Qxf4+ Ke7 43. Qd4 Rd8 44. Qa7+ Rd7 45. Qxa5 d2 46. Qxa3+
Kf7 47. Qa6 d1=Q 48. e6+ Ke7 49. exd7 Qxh5+ 50. Kg3 Qg5+ 51. Kf3 Qf5+ 52. Ke3
Qe5+ 53. Kd3 Qd5+ 54. Kc3 Qc5+ 55. Kb2 Qd4+ 1/2-1/2

[Event "Open Bosnjaci"]
[Site "Bosnjaci"]
[Date "2017.01.03"]
[Round "1.15"]
[White "Vajic, Goran"]
[Black "Dragicevic, Ivica"]
[Result "1-0"]
[WhiteElo "2310"]
[BlackElo "1779"]
[PlyCount "53"]
[EventDate "2017.??.??"]
[WhiteClock "1:30:00"]
[BlackClock "1:30:00"]

1. e4 c5 2. Nc3 e6 3. f4 Nc6 4. Nf3 g6 5. Bb5 Nge7 6. e5 a6 7. Ne4 Nd5 8. Bxc6
dxc6 9. d3 Be7 10. Bd2 Bd7 11. c4 Nb4 12. Bxb4 cxb4 13. c5 O-O 14. O-O f5 15.
Nd6 Bxd6 16. exd6 Qf6 17. Ne5 Rfd8 18. Qb3 a5 19. a3 b5 20. axb4 a4 21. Qc3 Qg7
22. b3 Ra7 23. bxa4 Rda8 24. axb5 cxb5 25. Rxa7 Rxa7 26. c6 Bxc6 27. Qxc6 1-0

[Event "Open Bosnjaci"]
[Site "Bosnjaci"]
[Date "2017.01.03"]
[Round "1.16"]
[White "Novosad, Ivan"]
[Black "Zovko, Mario"]
[Result "0-1"]
[WhiteElo "1765"]
[BlackElo "2309"]
[PlyCount "70"]
[EventDate "2017.??.??"]
[WhiteClock "1:30:00"]
[BlackClock "1:30:00"]

1. d4 d5 2. c4 e6 3. Nc3 c5 4. e3 Nf6 5. Nf3 cxd4 6. exd4 Bb4 7. a3 Bxc3+ 8.
bxc3 O-O 9. c5 Ne4 10. Qc2 b6 11. Bd3 f5 12. cxb6 axb6 13. O-O Qc7 14. Bxe4
fxe4 15. Ne5 Nc6 16. Nxc6 Qxc6 17. Qb3 Ba6 18. Re1 Rfc8 19. Bf4 Bd3 20. a4 Ra7
21. Ra3 Rca8 22. Rea1 Rf7 23. g3 Raf8 24. Qb4 Rxf4 25. gxf4 Qe8 26. Re1 Qg6+
27. Kh1 Qg4 28. Qe7 Qf3+ 29. Kg1 Rxf4 30. Qe8+ Rf8 31. Qxe6+ Kh8 32. Ra2 h6 33.
h3 Rf6 34. Qc8+ Kh7 35. Qg4 Rg6 0-1

[Event "Open Bosnjaci"]
[Site "Bosnjaci"]
[Date "2017.01.03"]
[Round "1.17"]
[White "Matko, Ognjen"]
[Black "Jelic, Slavko"]
[Result "1-0"]
[WhiteElo "2305"]
[BlackElo "1749"]
[PlyCount "41"]
[EventDate "2017.??.??"]
[WhiteClock "1:30:00"]
[BlackClock "1:30:00"]

1. e4 c5 2. Nf3 Nc6 3. c3 e6 4. d4 cxd4 5. cxd4 Bb4+ 6. Nc3 Nge7 7. Bd3 O-O 8.
O-O Bxc3 9. bxc3 Ng6 10. Re1 Qa5 11. Bd2 Qc7 12. Rc1 b6 13. e5 a5 14. Ng5 Ba6
15. Bb1 Nce7 16. Qh5 h6 17. Ne4 Bb7 18. Nd6 Bc6 19. c4 Rab8 20. Rc3 f5 21. Rh3
1-0

[Event "Open Bosnjaci"]
[Site "Bosnjaci"]
[Date "2017.01.03"]
[Round "1.18"]
[White "Dzaferovic, Emir"]
[Black "Stocko, Josip"]
[Result "0-1"]
[WhiteElo "1743"]
[BlackElo "2300"]
[PlyCount "38"]
[EventDate "2017.??.??"]
[WhiteClock "1:30:00"]
[BlackClock "1:30:00"]

1. e4 c5 2. Nf3 d6 3. d4 cxd4 4. Nxd4 Nf6 5. Nc3 a6 6. Be3 e6 7. Qd2 Be7 8. f3
b5 9. O-O-O Bb7 10. g4 Nfd7 11. Kb1 Nb6 12. Qf2 N8d7 13. h4 Rc8 14. a3 Rxc3 15.
bxc3 d5 16. exd5 Nxd5 17. Kb2 Qa5 18. Bd2 Bxa3+ 19. Kb1 Nxc3+ 0-1

[Event "Open Bosnjaci"]
[Site "Bosnjaci"]
[Date "2017.01.03"]
[Round "1.19"]
[White "Andrijevic, Milan"]
[Black "Hamzic, Adil"]
[Result "1-0"]
[WhiteElo "2293"]
[BlackElo "1741"]
[PlyCount "37"]
[EventDate "2017.??.??"]
[WhiteClock "1:30:00"]
[BlackClock "1:30:00"]

1. e4 c5 2. Nf3 d6 3. d4 cxd4 4. Nxd4 Nf6 5. Nc3 a6 6. Be2 e6 7. O-O Be7 8. f4
Qc7 9. Kh1 b5 10. Bf3 Bb7 11. e5 Nfd7 12. exd6 Bxd6 13. Ndxb5 axb5 14. Nxb5
Bxf3 15. Nxc7+ Bxc7 16. Qxf3 Ra5 17. b4 Rf5 18. Bb2 h5 19. Qc3 1-0

[Event "Open Bosnjaci"]
[Site "Bosnjaci"]
[Date "2017.01.03"]
[Round "1.20"]
[White "Ascic, Matos"]
[Black "Levacic, Patrick"]
[Result "0-1"]
[WhiteElo "1732"]
[BlackElo "2291"]
[PlyCount "64"]
[EventDate "2017.??.??"]
[WhiteClock "1:30:00"]
[BlackClock "1:30:00"]

1. e4 g6 2. Nf3 Bg7 3. d4 d6 4. Be3 Nd7 5. Nbd2 e6 6. c3 Ne7 7. Nb3 b6 8. Bd3
Bb7 9. O-O h6 10. Rc1 O-O 11. Qd2 Kh7 12. Ne1 f5 13. f3 a5 14. Rc2 a4 15. Na1
Nf6 16. exf5 exf5 17. Qc1 Ned5 18. Bf2 Nh5 19. g3 Qd7 20. Re2 c5 21. Nac2 Rac8
22. c4 Ndf6 23. d5 Nxd5 24. cxd5 c4 25. Bxf5 Rxf5 26. Bxb6 Rxd5 27. Ng2 c3 28.
b3 Qb5 29. Bf2 Qxe2 30. g4 Nf6 31. Nf4 Qxf3 32. Nd4 Rxd4 0-1

[Event "Open Bosnjaci"]
[Site "Bosnjaci"]
[Date "2017.01.04"]
[Round "2.2"]
[White "Kovacevic, Blazimir"]
[Black "Aleksic, Neven"]
[Result "1-0"]
[WhiteElo "2503"]
[BlackElo "2112"]
[PlyCount "51"]
[EventDate "2017.??.??"]
[WhiteClock "1:30:00"]
[BlackClock "1:30:00"]

1. d4 Nf6 2. Nf3 e6 3. g3 d5 4. Bg2 Be7 5. c4 O-O 6. O-O dxc4 7. Qc2 a6 8. a4
Bd7 9. Rd1 Bc6 10. Nc3 a5 11. e4 Na6 12. Ne5 Nb4 13. Qe2 Nd3 14. Nxd3 cxd3 15.
Rxd3 Bb4 16. Bg5 Bxc3 17. bxc3 h6 18. Bf4 Qd7 19. c4 Rad8 20. Be5 Nh7 21. d5
exd5 22. cxd5 Rfe8 23. Qb2 f6 24. Bf4 Ng5 25. Bxg5 hxg5 26. Rda3 1-0

[Event "Open Bosnjaci"]
[Site "Bosnjaci"]
[Date "2017.01.04"]
[Round "2.3"]
[White "Jerkovic, Maroje"]
[Black "Fercec, Nenad"]
[Result "0-1"]
[WhiteElo "2060"]
[BlackElo "2467"]
[PlyCount "80"]
[EventDate "2017.??.??"]
[WhiteClock "1:30:00"]
[BlackClock "1:30:00"]

1. e4 c5 2. Nf3 d6 3. d4 cxd4 4. Qxd4 a6 5. c4 Nc6 6. Qd2 Nf6 7. Nc3 g6 8. b3
Bg7 9. Bb2 Bg4 10. Nd4 O-O 11. f3 Nxd4 12. Qxd4 Bd7 13. Qd2 Qa5 14. O-O-O b5
15. Kb1 Rfc8 16. Nd5 Qxd2 17. Rxd2 Nxd5 18. Bxg7 Ne3 19. Bd4 Nxf1 20. Rxf1 bxc4
21. bxc4 Rxc4 22. Rc1 Be6 23. Rxc4 Bxc4 24. Kc1 f6 25. Rb2 Kf7 26. Kd2 g5 27.
a4 Rc8 28. a5 Bf1 29. g3 Rc4 30. Ke3 Ra4 31. Bb6 h5 32. h4 Ra3+ 33. Kf2 Bb5 34.
Rc2 g4 35. fxg4 hxg4 36. Bd8 Ke8 37. h5 Kxd8 38. h6 Ra1 39. Kg2 Bd3 40. Rc4
Rxa5 0-1

[Event "Open Bosnjaci"]
[Site "Bosnjaci"]
[Date "2017.01.04"]
[Round "2.4"]
[White "Dizdarevic, Emir"]
[Black "Abdil, Halil"]
[Result "1-0"]
[WhiteElo "2463"]
[BlackElo "2100"]
[PlyCount "117"]
[EventDate "2017.??.??"]
[WhiteClock "1:24:00"]
[BlackClock "1:30:00"]

1. Nf3 Nf6 2. g3 g6 3. b3 d6 4. d4 Bg7 5. Bg2 O-O 6. Bb2 e5 7. dxe5 Nfd7 8. Nc3
dxe5 9. Qd2 Re8 10. e4 Nc6 11. O-O Nd4 12. Nxd4 exd4 13. Nd5 c6 14. Nf4 Nc5 15.
Rfe1 Ne6 16. Nxe6 Bxe6 17. e5 Bf5 18. f4 d3 19. cxd3 Qxd3 20. Qxd3 Bxd3 21.
Rad1 Rad8 22. Rd2 Bf5 23. Red1 Rxd2 24. Rxd2 Bf8 25. Bf3 h5 26. Kg2 Bb4 27. Rd1
Be7 28. h3 Rd8 29. Rxd8+ Bxd8 30. Bd4 a6 31. g4 hxg4 32. hxg4 Be6 33. Kg3 a5
34. Be4 Bc7 35. f5 gxf5 36. gxf5 Bd7 37. Kg4 b6 38. Kg5 Bd8+ 39. Kh6 Bc7 40.
Bc3 Bd8 41. Bd3 Bc7 42. Kg5 Bd8+ 43. Kf4 Bc7 44. Ke4 Kf8 45. Bd2 Ke8 46. Be2
Kf8 47. Bh6+ Kg8 48. Bh5 c5 49. e6 Bc6+ 50. Ke3 Be8 51. a4 Bd6 52. Bf4 Be7 53.
Bc7 c4 54. exf7+ Bxf7 55. Bxf7+ Kxf7 56. bxc4 Bc5+ 57. Ke4 Kf6 58. Bd8+ Kf7 59.
Kd5 1-0

[Event "Open Bosnjaci"]
[Site "Bosnjaci"]
[Date "2017.01.04"]
[Round "2.5"]
[White "Vukovic, Ivo"]
[Black "Leventic, Ivan"]
[Result "1/2-1/2"]
[WhiteElo "2043"]
[BlackElo "2424"]
[PlyCount "84"]
[EventDate "2017.??.??"]
[WhiteClock "1:30:00"]
[BlackClock "1:30:00"]

1. Nf3 d5 2. g3 c5 3. Bg2 Nf6 4. O-O g6 5. b3 Bg7 6. Bb2 O-O 7. c4 d4 8. d3 Nc6
9. Na3 e5 10. Nc2 Bf5 11. Nh4 Bg4 12. a3 a5 13. h3 Be6 14. e4 dxe3 15. Nxe3 Qd7
16. Nf3 Bxh3 17. Nxe5 Nxe5 18. Bxe5 Rfe8 19. Bxf6 Bxg2 20. Kxg2 Bxf6 21. Rb1
Bd4 22. Nd5 Ra6 23. Re1 Rae6 24. Qd2 Kg7 25. Nf4 Qc6+ 26. Nd5 b6 27. a4 h5 28.
f3 Qd6 29. Re4 f5 30. Ree1 Be5 31. f4 Bd4 32. Rxe6 Qxe6 33. Kf1 Qd6 34. Re1
Rxe1+ 35. Qxe1 Kf7 36. Kg2 Qd8 37. Kf3 g5 38. Qh1 Kg6 39. Qe1 Kf7 40. Qh1 Kg6
41. Qe1 Kf7 42. Qh1 Kg6 1/2-1/2

[Event "Open Bosnjaci"]
[Site "Bosnjaci"]
[Date "2017.01.04"]
[Round "2.6"]
[White "Plenca, Jadranko"]
[Black "Boban, Sten"]
[Result "0-1"]
[WhiteElo "2424"]
[BlackElo "2063"]
[PlyCount "84"]
[EventDate "2017.??.??"]
[WhiteClock "1:30:00"]
[BlackClock "1:30:00"]

1. e4 e5 2. Nf3 Nf6 3. Nc3 Nc6 4. Bb5 d6 5. d4 Bd7 6. O-O Be7 7. Re1 Nxd4 8.
Nxd4 exd4 9. Qxd4 Bxb5 10. Nxb5 O-O 11. Bg5 c6 12. Nc3 Qb6 13. Qd3 Rfe8 14. h3
Ng4 15. Bxe7 Qxf2+ 16. Kh1 Qxe1+ 17. Rxe1 Nf2+ 18. Kg1 Nxd3 19. cxd3 Rxe7 20.
Rf1 g6 21. g4 Kg7 22. Rf4 Rd8 23. d4 f6 24. d5 Rde8 25. Rf1 Re5 26. a4 h5 27.
gxh5 Rxh5 28. Rf3 Ree5 29. dxc6 bxc6 30. Rd3 d5 31. exd5 cxd5 32. b4 Kf7 33.
Nb5 Rh4 34. Nd4 Ree4 35. Nc6 d4 36. a5 Re3 37. Rd2 Rexh3 38. Kf1 d3 39. b5 Re4
40. Nxa7 f5 41. Kg1 Re1+ 42. Kf2 Reh1 0-1

[Event "Open Bosnjaci"]
[Site "Bosnjaci"]
[Date "2017.01.04"]
[Round "2.7"]
[White "Pavlovic, Zeljko"]
[Black "Plenkovic, Zdenko"]
[Result "0-1"]
[WhiteElo "2041"]
[BlackElo "2421"]
[PlyCount "60"]
[EventDate "2017.??.??"]
[WhiteClock "1:30:00"]
[BlackClock "1:30:00"]

1. d4 d6 2. c4 Nd7 3. Nc3 e5 4. Nf3 g6 5. Bg5 f6 6. Be3 Ne7 7. g3 Bg7 8. Bg2
O-O 9. O-O Nf5 10. Bc1 exd4 11. Nxd4 Nxd4 12. Qxd4 f5 13. Qd5+ Kh8 14. Be3 Ne5
15. c5 dxc5 16. Bxc5 c6 17. Qxd8 Rxd8 18. Rad1 Re8 19. b3 Be6 20. e4 b6 21. Bd4
Rad8 22. exf5 Bxf5 23. h3 Nf3+ 24. Bxf3 Bxd4 25. Ne2 Bf6 26. Kg2 c5 27. Nf4 Be5
28. Nd5 Bd4 29. Nf4 Rf8 30. Bd5 Rxd5 0-1

[Event "Open Bosnjaci"]
[Site "Bosnjaci"]
[Date "2017.01.04"]
[Round "2.8"]
[White "Zufic, Miroslav"]
[Black "Kejzar, Petra"]
[Result "1-0"]
[WhiteElo "2382"]
[BlackElo "2050"]
[PlyCount "65"]
[EventDate "2017.??.??"]
[WhiteClock "1:30:00"]
[BlackClock "1:30:00"]

1. e4 c5 2. Nf3 e6 3. d4 cxd4 4. Nxd4 Nf6 5. Nc3 d6 6. Be2 a6 7. Be3 Be7 8. Qd2
Nc6 9. f4 Qc7 10. O-O-O O-O 11. g4 Nd7 12. g5 Nxd4 13. Bxd4 b5 14. a3 Bb7 15.
Rhg1 Nc5 16. Bf3 a5 17. Qe3 b4 18. Nb5 Qb8 19. Bxc5 dxc5 20. a4 Bc6 21. Be2 Qb7
22. f5 exf5 23. exf5 Rfe8 24. Bc4 Bf8 25. Qh3 Kh8 26. g6 fxg6 27. Rd3 h6 28.
Rxg6 Re1+ 29. Kd2 Re4 30. Nd6 Qe7 31. Nf7+ Kh7 32. Ng5+ Kh8 33. Qxh6+ 1-0

[Event "Open Bosnjaci"]
[Site "Bosnjaci"]
[Date "2017.01.04"]
[Round "2.9"]
[White "Stankovic, Milos"]
[Black "Mahmutbegovic, Muharem"]
[Result "1-0"]
[WhiteElo "2376"]
[BlackElo "2042"]
[PlyCount "37"]
[EventDate "2017.??.??"]
[WhiteClock "1:29:00"]
[BlackClock "1:30:00"]

1. e4 c5 2. Nf3 d6 3. d4 cxd4 4. Qxd4 e5 5. Qe3 Nf6 6. c4 Be7 7. Be2 Bd7 8. Nc3
Nc6 9. O-O O-O 10. h3 a6 11. Rd1 Qc7 12. b3 Nd8 13. Ba3 Ne6 14. Nxe5 Be8 15.
Ng4 Nxg4 16. Bxg4 Bc6 17. Qg3 Rad8 18. Bb2 Nc5 19. b4 1-0

[Event "Open Bosnjaci"]
[Site "Bosnjaci"]
[Date "2017.01.04"]
[Round "2.10"]
[White "Mrkonjic, Nenad"]
[Black "Kukic, Lora"]
[Result "1/2-1/2"]
[WhiteElo "2360"]
[BlackElo "2013"]
[PlyCount "120"]
[EventDate "2017.??.??"]
[WhiteClock "0:01:00"]
[BlackClock "1:30:00"]

1. Nf3 Nf6 2. c4 g6 3. b4 Bg7 4. Bb2 O-O 5. g3 c6 6. Bg2 d5 7. cxd5 cxd5 8. O-O
a5 9. bxa5 Nc6 10. d3 Rxa5 11. Nbd2 Bf5 12. Nb3 Ra7 13. Qd2 Re8 14. Nfd4 Nxd4
15. Bxd4 Ra8 16. Qb2 Qd6 17. Be5 Qa3 18. Rfb1 Rec8 19. Nd4 Qxb2 20. Rxb2 Bd7
21. f4 Bc6 22. Rc1 e6 23. Rbc2 Ng4 24. Bxg7 Kxg7 25. Bh3 Ne3 26. Rd2 Ra4 27.
Nb3 Rca8 28. Kf2 Nf5 29. Bxf5 gxf5 30. Rcc2 d4 31. Rb2 Bd5 32. Nc5 R4a7 33. Rb4
Rxa2 34. Rxa2 Rxa2 35. Nxb7 Ra1 36. Nd6 Rh1 37. Rxd4 Rxh2+ 38. Ke1 Kg6 39. e4
fxe4 40. dxe4 Ba2 41. Rd2 Rxd2 42. Kxd2 e5 43. Ke3 exf4+ 44. gxf4 h5 45. Nf5
Bb3 46. Nh4+ Kf6 47. Kd4 Bc2 48. Kd5 Ke7 49. Ke5 Bd1 50. Kd4 Ke6 51. Ke3 Bc2
52. Nf5 Bd1 53. Kf2 Kf6 54. Ne3 Bb3 55. Kg3 Kg6 56. Kh4 Ba4 57. Kg3 Bc6 58. Kf3
h4 59. Kg4 Bxe4 60. Kxh4 f5 1/2-1/2